Rock and Roll by Letter O - Statistics

General Stats
  • This quiz has been taken 84 times
    70 since last reset
  • The average score is 8 of 15
Answer Stats
Hint Answer % Correct
Brothers Gallagher band Oasis
90%
Rumor is, she was the reason the Beatles broke up Yoko Ono
88%
The Black Keys hail from this state Ohio
86%
This rock icon was replaced in the band by Ronnie James Dio Ozzy Osbourne
69%
A member of the supergroup the Travelling Wilburys Roy Orbison
68%
This Beatles song about a cephalopod mollusc was written and sang by Ringo Octopus's Garden
63%
This Beatles song name makes no sense Ob La Di Ob La Da
58%
This Metallica song is about a WWI soldier who has lost his arms, legs, sight and ability to speak One
56%
Frontman for the Cars Ric Ocasek
46%
"Pretty Fly (For a White Guy)" The Offspring
41%
Fifth studio album by Michael Jackson Off the Wall
37%
The first song recorded for Neil Young's Harvest album Old Man
19%
This companys guitars are well known for their round backs Ovation
14%
This Band song was written by Robbie Robertson Ophelia
12%
This song was a hit for the Alternative Rock band Garbage in 1995 Only Happy When it Rains
5%
No matching quizzes found
Score Distribution
Percent of People with Each Score
Percentile by Number Answered
Your Score History
You have not taken this quiz since the last reset